Enseñando física mediante experimentos; una selección de 25 experimentos como una introducción al estudio de la física en la escuela secundaria /
Guardado en:
| Autor Principal: | |
|---|---|
| Otros Autores: | |
| Formato: | Libro |
| Publicado: |
Buenos Aires :
Eudeba,
1968
|
| Edición: | 2a. ed. |
| Materias: | |
| Etiquetas: |
Agregar Etiqueta
Sin Etiquetas, Sea el primero en etiquetar este registro!
|
| LEADER | 01010nam a22002415a 4500 | ||
|---|---|---|---|
| 001 | CEM.cems001550 | ||
| 005 | 20060214000000.0 | ||
| 008 | 130507s1968##################000#0#####d | ||
| 003 | CEMS | ||
| 082 | 0 | 4 | |a 530.7 |
| 100 | 1 | |a Cernuschi, Félix | |
| 245 | 1 | 0 | |a Enseñando física mediante experimentos; una selección de 25 experimentos como una introducción al estudio de la física en la escuela secundaria / |
| 250 | |a 2a. ed. | ||
| 260 | |a Buenos Aires : |b Eudeba, |c 1968 | ||
| 300 | |a 96 p. | ||
| 505 | 0 | |a La ciencia en la antiguedad. Geometria fisica y geometria abstracta. Empirismo y razonamiento en estatica. Nociones de dinamica. Algunos casos de fisica probabilista | |
| 653 | |a Fisica | ||
| 653 | |a Fisica-enseñanza de la | ||
| 653 | |a Fisica-experimentos | ||
| 700 | 1 | |a Signorini, Emilio | |
| 859 | |a CEMS |b BIB. CEMS - 11 de abril |h 530.7 |i C335a2 |p 3791.75 |t Ej.1 | ||
| 859 | |a CEMS |b BIB. CEMS - 11 de abril |h 530.7 |i C335a2 |p 3792.75 |t Ej.2 | ||
| 859 | |a CEMS |b BIB. CEMS - 11 de abril |h 530.7 |i C335a2 |p 3793.75 |t Ej.3 | ||
